000 00932nam a2200253Ia 4500
003 OSt
005 20220923211435.0
006 a|||||r|||| 00| 0
007 ta
008 220922b |||||||| |||| 00| 0 mar d
020 _a9789350002216 (hbk)
_c250
024 _a242,152
037 _b487, 03/03/2010, Vani Prakashan
_cTextual
040 _aARTS
_cARTS
_bmar
041 _2mar
_amar
082 _aO155,1N59x, 152Q0
100 _aढेरे, अरूणा; तिवारी, रामजी, अनु.
_9160515
245 0 _aबन्द अधरों से
246 _aBanda adharoan se
260 _aनयी दिल्ली
_b वाणी प्रकाशन
_c2010
300 _a100पृ0
_ccm.
942 _hO155,1N59x, 152Q0
_cTEXL
_2CC
999 _c299557
_d299557